La Unión Soviética: Hechos, problemas, opiniones /

Zapisane w:
Opis bibliograficzny
1. autor: Grigóriev, Vladimir
Korporacja: Agencia de prensa Novosti
Kolejni autorzy: comp
Format: Texto
Wydane: Moscú: Agencia de Prensa Novosti
Etykiety: Dodaj etykietę
Nie ma etykietki, Dołącz pierwszą etykiete!

MARC

LEADER 00000 a a2200000 04500
001 25336
003
040
090 |a 181100  
100 |a Grigóriev, Vladimir  
110 |a Agencia de prensa Novosti  
245 |a La Unión Soviética: Hechos, problemas, opiniones /  |c Vladimir Grigóriev 
260 |a Moscú:   |b Agencia de Prensa Novosti  
300 |a 85 p.  
700 |a comp.  
999 |c 6625  |d 6625